Culture Générale - Clic Quiz - La réponse est un outil de bricolage - Statistiques

Statistiques générales
  • Ce quiz a été pris 231 fois
  • Le résultat moyen est 14 sur 20
Statistiques - réponses
Hint Réponse % Correct
Il en faut 7 pour déverrouiller la grille de la salle du trésor dans le jeu TV Fort Boyard Clé
92%
Epice obtenue à partir des boutons floraux du Giroflier : __________ de girofle Clou
91%
Echapper à tout contrôle : partir en _________ Vrille
90%
Quand on est pris dedans, qu'il se resserre, on se trouve dans une situation difficile, sans issue Etau
88%
Avec la faucille, elles sont un symbole graphique utilisé pour représenter le communisme dans sa variante léniniste Marteau
86%
Familièrement désigne une personne radine Pince
86%
Parfois Sujet de discorde selon son utilisation et sa position dans les toilettes pour le côté hygiénique Lunette
85%
Au Football, il désigne un tir de volée en extension où l'impulsion et le tir sont réalisés avec la même jambe ; les 2 jambes se croisent alors dans les airs Ciseau
81%
Hecto pour 100 ________ Mètre
81%
En écologie, se produit, quand le milieu, souvent surpeuplé, provoque une compétition exacerbée aux conséquences néfastes pour les individus : Effet de _________ Masse
79%
Familièrement désigne une mauvaise voiture Chignole
76%
Chroniqueuse d'Hanouna à la TV dans Touche pas à mon poste : Géraldine __________ Maillet
72%
Personnage dans le film d'animation Astérix et Cléopâtre sorti en 1968 avec la voix de Jacques Balutin Tournevis
72%
En Franc Maçonnerie, elle représente la rectitude morale, l’ordre et la justice, rappelant aux membres de toujours agir avec droiture Équerre
71%
Compléte le Surnom du joueur de rugby international à XV Jean-Pierre Rives : " __________ d'or" Casque
70%
On peut en jouer comme instrument de musique (de la famille idiophone) avec un archet de violon en la tordant légèrement en S : ___________ musicale Scie
62%
"Nick _______ et les Portes du temps" est une série télévisée britannique diffusée entre 2007 et 2012 Cutter
59%
Île croate de l'Adriatique, au large de Split, rattachée au comitat de Split-Dalmatie Vis
45%
Commune française, située dans le département du Calvados, peuplée de 810 habitants. Boulon
32%
Petit pain bruxellois, rond, fendu d’un léger sillon au sommet Pistolet
28%
Aucun quiz correspondant
Distribution des résultats
% des personnes avec chaque résultat
Percentile par nombre de réponses
Votre historique - résultats
Vous n’avez pas pris ce quiz